[Event "Petre Seimeanu Memorial"]
[Site "Romania"]
[Date "2002.12.07"]
[Round "8"]
[White "Frasineanu, Marius"]
[Black "Popescu, Dan"]
[Result "0-1"]
[WhiteElo "2303"]
[BlackElo "2213"]
[PlyCount "126"]
[EventDate "2002.11.30"]
[EventType "swiss"]
[EventRounds "9"]
[EventCountry "ROU"]
[SourceTitle "EXT 2008"]
[Source "ChessBase"]
[SourceDate "2007.11.25"]
[SourceVersion "1"]
[SourceVersionDate "2007.11.25"]
[SourceQuality "1"]

1. d4 Nf6 2. c4 g6 3. Nc3 Bg7 4. e4 d6 5. Be2 0-0 6. Bg5 c5 7. d5 a6 8. Qd2 b5 9. cxb5 axb5 10. Bxb5 Qa5 11. Bd3 Nbd7 12. Nf3 Ba6 13. Bxa6 Qxa6 14. Qe2 h6 15. Qxa6 Rxa6 16. Bxf6 Bxf6 17. Kd2 c4 18. Kc2 Rc8 19. Rhf1 Nc5 20. Nd2 Nd3 21. a3 Rb6 22. Rab1 Rb7 23. Nxc4 Nf4 24. Na5 Rxb2+ 25. Rxb2 Rxc3+ 26. Kb1 Rxa3 27. Ra2 Rd3 28. g3 Nh3 29. Kc2 Rf3 30. Kd1 g5 31. Ke2 g4 32. Nc4 Rb3 33. Nd2 Rc3 34. Ra4 h5 35. f4 gxf3+ 36. Rxf3 Ng1+ 37. Kf2 Nxf3 38. Nxf3 Kg7 39. Ra2 Rb3 40. Re2 Rd3 41. Re3 Bd4 42. Nxd4 Rxd4 43. Kf3 Kf6 44. g4 hxg4+ 45. Kxg4 Ke5 46. Kf3 Rd1 47. Re2 Rf1+ 48. Ke3 Rf4 49. Kd3 Rh4 50. Rf2 Rh3+ 51. Kd2 f6 52. Re2 Ra3 53. Ke1 Ra4 54. Kf2 Rxe4 55. Rd2 Kf4 56. Rd3 f5 57. Rd1 Ke5 58. Kf3 Rd4 59. Rxd4 Kxd4 60. Kf4 Kxd5 61. Kxf5 e6+ 62. Kg5 e5 63. h4 Ke6 0-1

[Event "Martisor Cup op"]
[Site "Bucharest"]
[Date "2002.03.02"]
[Round "3"]
[White "Duminica, Mariana"]
[Black "Popescu, Dan"]
[Result "0-1"]
[WhiteElo "2029"]
[BlackElo "2205"]
[PlyCount "68"]
[EventDate "2002.03.01"]
[EventType "swiss"]
[EventRounds "9"]
[EventCountry "ROU"]
[SourceTitle "CBM 087 Extra"]
[Source "ChessBase"]
[SourceDate "2002.05.03"]
[SourceVersion "2"]
[SourceVersionDate "2002.08.09"]
[SourceQuality "1"]

1. e4 e5 2. Bc4 Nf6 3. d3 Nc6 4. Nc3 Bb4 5. Bg5 h6 6. Bxf6 Bxc3+ 7. bxc3 Qxf6 8. Ne2 d6 9. 0-0 0-0 10. f4 Bg4 11. f5 Na5 12. Bb3 c6 13. Qd2 Bxe2 14. Qxe2 d5 15. exd5 Nxb3 16. axb3 cxd5 17. c4 e4 18. cxd5 Qd4+ 19. Kh1 exd3 20. Qd2 Rfe8 21. cxd3 f6 22. Ra4 Qxd5 23. Rc4 Rad8 24. Rc7 Re5 25. h3 Rxf5 26. Rxf5 Qxf5 27. Rxb7 Qf1+ 28. Kh2 Rxd3 29. Rb8+ Kh7 30. Qc2 Qf4+ 31. Kh1 Qf1+ 32. Kh2 Qf4+ 33. Kh1 Qe4 34. Re8 Rxh3+ 0-1

[Event "Martisor Cup op"]
[Site "Bucharest"]
[Date "2002.03.01"]
[Round "1"]
[White "Popescu, Dan"]
[Black "Balaban, Vlado"]
[Result "1-0"]
[WhiteElo "2205"]
[BlackElo "2055"]
[PlyCount "91"]
[EventDate "2002.03.01"]
[EventType "swiss"]
[EventRounds "9"]
[EventCountry "ROU"]
[SourceTitle "CBM 087 Extra"]
[Source "ChessBase"]
[SourceDate "2002.05.03"]
[SourceVersion "2"]
[SourceVersionDate "2002.08.09"]
[SourceQuality "1"]

1. Nf3 Nf6 2. c4 g6 3. Nc3 Bg7 4. g3 0-0 5. Bg2 c5 6. d4 cxd4 7. Nxd4 Nc6 8. 0-0 a6 9. c5 Nxd4 10. Qxd4 Ne8 11. Qh4 Bf6 12. Bg5 Bxg5 13. Qxg5 Nc7 14. Rfd1 Rb8 15. Qf4 Ra8 16. Rac1 Ne6 17. Qh4 Nc7 18. Qh6 f6 19. a4 Rb8 20. a5 e6 21. Ne4 Ne8 22. b4 Qe7 23. Nd6 Nxd6 24. Rxd6 f5 25. Rcd1 Qf6 26. R1d4 g5 27. Qxf6 Rxf6 28. f4 gxf4 29. gxf4 Kf7 30. Rd3 Rg6 31. Kf2 Rg4 32. Rf3 Ke7 33. e3 Kf7 34. Rh3 Rg7 35. Bf3 Ke7 36. e4 Kf7 37. exf5 Ke7 38. Be4 Rf7 39. f6+ Rxf6 40. Rxh7+ Kf8 41. Ke3 Kg8 42. Rh4 Kg7 43. Rg4+ Kh8 44. h4 Rf8 45. Kd4 Rg8 46. Bg6 1-0

[Event "Paks Atom Cup IM 6th"]
[Site "Paks"]
[Date "2001.08.27"]
[Round "10"]
[White "Habibi, Ali"]
[Black "Popescu, Dan"]
[Result "1/2-1/2"]
[WhiteElo "2250"]
[BlackElo "2250"]
[PlyCount "24"]
[EventDate "2001.08.18"]
[EventType "match"]
[EventRounds "11"]
[EventCountry "HUN"]
[EventCategory "1"]
[SourceTitle "EXT 2002"]
[Source "ChessBase"]
[SourceDate "2001.11.25"]
[SourceVersion "1"]
[SourceVersionDate "2001.11.25"]
[SourceQuality "1"]

1. e4 e5 2. Nf3 Nc6 3. Bb5 a6 4. Ba4 Nf6 5. 0-0 b5 6. Bb3 Be7 7. Re1 0-0 8. c3 d6 9. h3 Na5 10. Bc2 c5 11. d4 Qc7 12. Nbd2 Bb7 1/2-1/2

[Event "Paks Atom Cup IM 6th"]
[Site "Paks"]
[Date "2001.08.23"]
[Round "6"]
[White "Popescu, Dan"]
[Black "Zelic, Mladen"]
[Result "1/2-1/2"]
[WhiteElo "2250"]
[BlackElo "2286"]
[PlyCount "54"]
[EventDate "2001.08.18"]
[EventType "match"]
[EventRounds "11"]
[EventCountry "HUN"]
[EventCategory "1"]
[SourceTitle "EXT 2002"]
[Source "ChessBase"]
[SourceDate "2001.11.25"]
[SourceVersion "1"]
[SourceVersionDate "2001.11.25"]
[SourceQuality "1"]

1. e4 e5 2. Nc3 Nc6 3. Nf3 Nf6 4. d4 exd4 5. Nd5 Be7 6. Nxd4 Nxd4 7. Qxd4 Nxd5 8. Qxd5 0-0 9. Bd3 c6 10. Qh5 g6 11. Qf3 d5 12. exd5 Qxd5 13. Qxd5 cxd5 14. Be3 Bf6 15. c3 Be6 16. Bd4 Bxd4 17. cxd4 Rac8 18. Kd2 Rc6 19. a3 Rfc8 20. Rhc1 Rxc1 21. Rxc1 Rxc1 22. Kxc1 Kf8 23. Kd2 Ke7 24. Ke3 h6 25. h4 g5 26. g3 f6 27. Bg6 Bf7 1/2-1/2

[Event "Paks Atom Cup IM 6th"]
[Site "Paks"]
[Date "2001.08.20"]
[Round "3"]
[White "Resika, Nathan A"]
[Black "Popescu, Dan"]
[Result "0-1"]
[WhiteElo "2203"]
[BlackElo "2250"]
[PlyCount "76"]
[EventDate "2001.08.18"]
[EventType "match"]
[EventRounds "11"]
[EventCountry "HUN"]
[EventCategory "1"]
[SourceTitle "EXT 2002"]
[Source "ChessBase"]
[SourceDate "2001.11.25"]
[SourceVersion "1"]
[SourceVersionDate "2001.11.25"]
[SourceQuality "1"]

1. e4 e6 2. d4 d5 3. Nc3 Bb4 4. e5 c5 5. a3 Bxc3+ 6. bxc3 Ne7 7. Nf3 Qa5 8. Bd2 Nbc6 9. h4 Bd7 10. h5 h6 11. Bd3 c4 12. Be2 0-0-0 13. Nh2 f6 14. f4 Rdf8 15. g4 fxe5 16. dxe5 d4 17. cxd4 c3 18. Bc1 Nd5 19. f5 exf5 20. gxf5 Bxf5 21. Bg4 Kb8 22. Bxf5 Rxf5 23. Qg4 Rhf8 24. Rf1 Rxf1+ 25. Nxf1 Qa6 26. Ng3 Ndb4 27. Qg6 Nxd4 28. Qxa6 Nxa6 29. Ra2 Nf3+ 30. Ke2 Nxe5 31. Ne4 Ng4 32. Nxc3 Nc5 33. a4 Rf2+ 34. Ke1 Rf3 35. Nb5 Ne4 36. Ke2 Rf5 37. Rb2 Rf2+ 38. Ke1 Ng3 0-1

[Event "Paks Atom Cup IM 6th"]
[Site "Paks"]
[Date "2001.08.19"]
[Round "2"]
[White "Popescu, Dan"]
[Black "Krutti, Valer"]
[Result "1/2-1/2"]
[WhiteElo "2250"]
[BlackElo "2385"]
[PlyCount "23"]
[EventDate "2001.08.18"]
[EventType "match"]
[EventRounds "11"]
[EventCountry "HUN"]
[EventCategory "1"]
[SourceTitle "EXT 2002"]
[Source "ChessBase"]
[SourceDate "2001.11.25"]
[SourceVersion "1"]
[SourceVersionDate "2001.11.25"]
[SourceQuality "1"]

1. e4 g6 2. d4 c6 3. c3 d6 4. f4 d5 5. e5 h5 6. Be3 Nh6 7. Nf3 Bg4 8. Nbd2 e6 9. Bf2 Be7 10. Qb3 b6 11. Be2 Nf5 12. 0-0 1/2-1/2

[Event "ROM-chT"]
[Site "Baile Tusnad"]
[Date "1997.??.??"]
[Round "?"]
[White "Bogdan, Dan"]
[Black "Popescu, Dan"]
[Result "1/2-1/2"]
[WhiteElo "2380"]
[BlackElo "2250"]
[PlyCount "30"]
[EventDate "1997.??.??"]
[EventType "team"]
[EventRounds "5"]
[EventCountry "ROU"]
[SourceTitle "EXT 1999"]
[Source "ChessBase"]
[SourceDate "1998.11.16"]
[SourceVersion "1"]
[SourceVersionDate "1998.11.16"]
[SourceQuality "1"]

1. d4 Nf6 2. Nf3 g6 3. g3 Bg7 4. Bg2 0-0 5. 0-0 c6 6. c4 d6 7. Nc3 Na6 8. h3 Qb6 9. b3 e5 10. dxe5 dxe5 11. Be3 Qa5 12. Qc1 Nc5 13. Rb1 Ne6 14. b4 Qc7 15. Rd1 Nh5 1/2-1/2

[Event "ROM-chT"]
[Site "Romania"]
[Date "1994.??.??"]
[Round "?"]
[White "Barbu, Iulian"]
[Black "Popescu, Dan"]
[Result "1/2-1/2"]
[WhiteElo "2270"]
[BlackElo "2270"]
[PlyCount "36"]
[EventDate "1994.??.??"]
[EventType "team"]
[EventRounds "10"]
[EventCountry "ROU"]
[SourceTitle "EXT 1997"]
[Source "ChessBase"]
[SourceDate "1996.11.15"]
[SourceVersion "1"]
[SourceVersionDate "1996.11.15"]
[SourceQuality "1"]

1. e4 e6 2. d4 d5 3. Nd2 Nf6 4. e5 Nfd7 5. Bd3 c5 6. c3 Nc6 7. Ne2 cxd4 8. cxd4 f6 9. exf6 Nxf6 10. Nf3 Bd6 11. 0-0 Qc7 12. g3 0-0 13. Bf4 Bxf4 14. Nxf4 Qb6 15. b3 Kh8 16. Bb1 Bd7 17. a3 Rae8 18. Re1 e5 1/2-1/2

[Event "ROM-chT"]
[Site "Romania"]
[Date "1994.??.??"]
[Round "?"]
[White "Ungureanu, Emil"]
[Black "Popescu, Dan"]
[Result "0-1"]
[WhiteElo "2285"]
[BlackElo "2270"]
[PlyCount "76"]
[EventDate "1994.??.??"]
[EventType "team"]
[EventRounds "10"]
[EventCountry "ROU"]
[SourceTitle "EXT 1997"]
[Source "ChessBase"]
[SourceDate "1996.11.15"]
[SourceVersion "1"]
[SourceVersionDate "1996.11.15"]
[SourceQuality "1"]

1. d4 Nf6 2. c4 g6 3. Nc3 Bg7 4. e4 d6 5. Nge2 0-0 6. Ng3 e5 7. d5 h5 8. Bg5 Qe8 9. h4 a5 10. Be2 Na6 11. Qd2 Bd7 12. 0-0-0 Nc5 13. Kb1 a4 14. Rhe1 Nh7 15. Be3 b6 16. Rh1 Qe7 17. Nf1 f5 18. f3 Nf6 19. Bd3 fxe4 20. Nxe4 Nfxe4 21. Bxe4 Nxe4 22. fxe4 a3 23. b3 Rf4 24. Ng3 Rg4 25. Bg5 Bf6 26. Bxf6 Qxf6 27. Rdf1 Qe7 28. Rf3 Rf8 29. Rxf8+ Qxf8 30. Rf1 Qe7 31. Rf3 Kg7 32. b4 Qxh4 33. Qe1 Qg5 34. Rxa3 h4 35. Nf1 Rxg2 36. Rf3 h3 37. Rf2 Rxf2 38. Qxf2 Qg2 0-1

[Event "Odorheiu Secuiesc op"]
[Site "Odorheiu Secuiesc"]
[Date "1993.??.??"]
[Round "8"]
[White "Giurumia, Sorin"]
[Black "Popescu, Dan"]
[Result "0-1"]
[WhiteElo "2220"]
[BlackElo "2285"]
[PlyCount "78"]
[EventDate "1993.05.??"]
[EventType "swiss"]
[EventRounds "11"]
[EventCountry "ROU"]
[SourceTitle "TD"]
[Source "ChessBase"]
[SourceDate "1994.03.01"]
[SourceVersion "1"]
[SourceVersionDate "1994.03.01"]
[SourceQuality "1"]

1. c4 g6 2. Nc3 Bg7 3. g3 c5 4. Bg2 Nc6 5. d3 e6 6. e4 Nge7 7. Bg5 h6 8. Be3 Nd4 9. Nge2 Nec6 10. 0-0 0-0 11. Qd2 Kh7 12. f4 f5 13. Bf2 d6 14. Rab1 Rb8 15. exf5 gxf5 16. Nxd4 Nxd4 17. Ne2 Bd7 18. Rbe1 b5 19. Nxd4 cxd4 20. b3 a5 21. cxb5 Rxb5 22. Rc1 Qb6 23. Rc4 d5 24. Rc2 Rc8 25. Rxc8 Bxc8 26. g4 a4 27. bxa4 Rb2 28. Qd1 Rxa2 29. gxf5 exf5 30. Bxd5 Bb7 31. Bxb7 Qxb7 32. Re1 Qd7 33. Qh5 Rxa4 34. Bh4 Ra6 35. Re7 Qd5 36. Qe8 Rg6+ 37. Bg3 h5 38. Rd7 Qf3 39. Rd8 h4 0-1

[Event "Odorheiu Secuiesc op"]
[Site "Odorheiu Secuiesc"]
[Date "1993.??.??"]
[Round "10"]
[White "Popescu, Dan"]
[Black "Dovzik, Juri"]
[Result "0-1"]
[WhiteElo "2285"]
[BlackElo "2345"]
[PlyCount "75"]
[EventDate "1993.05.??"]
[EventType "swiss"]
[EventRounds "11"]
[EventCountry "ROU"]
[SourceTitle "TD"]
[Source "ChessBase"]
[SourceDate "1994.03.01"]
[SourceVersion "1"]
[SourceVersionDate "1994.03.01"]
[SourceQuality "1"]

1. e4 e5 2. Nc3 Nc6 3. Bc4 d6 4. Nf3 Be7 5. d4 Nf6 6. dxe5 Nxe5 7. Nxe5 dxe5 8. Qxd8+ Bxd8 9. Be3 c6 10. f3 Bb6 11. Ke2 Ke7 12. Rhd1 Be6 13. Bxe6 Kxe6 14. Rd3 Rhd8 15. Rxd8 Rxd8 16. Bxb6 axb6 17. Na4 Nd7 18. Rd1 Ke7 19. c4 Rb8 20. h4 h5 21. Kf2 Rh8 22. Rd2 Rh6 23. b4 Rh8 24. Rd3 Ke6 25. a3 g6 26. Ke3 f5 27. c5 b5 28. Nc3 Ke7 29. Ne2 Ra8 30. exf5 gxf5 31. g4 e4 32. fxe4 Ne5 33. Rd6 fxg4 34. Kf4 Nf7 35. Rg6 Rxa3 36. Nd4 Rd3 37. Nf5+ Kf8 38. Rf6 0-1

[Event "Odorheiu Secuiesc op"]
[Site "Odorheiu Secuiesc"]
[Date "1993.??.??"]
[Round "4"]
[White "Skripchenko, Almira"]
[Black "Popescu, Dan"]
[Result "0-1"]
[WhiteElo "2190"]
[BlackElo "2285"]
[PlyCount "50"]
[EventDate "1993.05.??"]
[EventType "swiss"]
[EventRounds "11"]
[EventCountry "ROU"]
[SourceTitle "TD"]
[Source "ChessBase"]
[SourceDate "1994.03.01"]
[SourceVersion "1"]
[SourceVersionDate "1994.03.01"]
[SourceQuality "1"]

1. e4 c6 2. d4 Nf6 3. Bd3 d6 4. f4 e5 5. Nf3 Bg4 6. c3 Qb6 7. Nbd2 exd4 8. cxd4 Be7 9. h3 Bxf3 10. Nxf3 d5 11. e5 Ne4 12. 0-0 f5 13. Be3 Na6 14. a3 Nc7 15. Ng5 Bxg5 16. fxg5 0-0 17. g4 f4 18. Bxe4 fxe3 19. Bf5 g6 20. Qd3 gxf5 21. gxf5 e2 22. Rf4 Ne6 23. Rh4 Nxd4 24. Rxh7 Nf3+ 25. Kg2 e1N+ 0-1